000 00474nam a2200181Ia 4500
005 20250508151547.0
008 008 250505s9999 xx 000 0 eng d
037 _aTextual
040 _aFEDL
_beng
_cFEDL
041 _aeng
_2eng
084 _aB, GAN
_qFEDL
100 _aRajendra Prasad
245 0 _aFeet of Mahatma Gandhi
260 _aBombay, India
_bHind Kitabs Ltd
_c1955
300 _avii,350p
942 _cTEXL
_hB, GAN
999 _c1330629
_d1330629